| 000 | 00337nam a2200145 i 4500 | ||
|---|---|---|---|
| 001 | bg | ||
| 245 | 0 | _aLehrbuch der organischen Chemie. | |
| 260 |
_aBerlin : _bWalter de Gruyter, _c1968. |
||
| 650 | 9 | _aChemia organiczna | |
| 040 | _cBPK | ||
| 041 | _apol | ||
| 080 | _a547 | ||
| 942 | _cKS | ||
| 008 | s pl f |000 0 pol | ||
| 999 |
_c21047 _d21047 |
||
| 856 |
_uhttp://koha.tu.koszalin.pl/cgi-bin/koha/opac-detail.pl?biblionumber=21047 _yKatalog online BPK |
||